1511 1570 1374 1010 1196 1962 1996 1269 1999 1583 1937 1158 1075 1026 1136 1241 1390 1139 1085 1011 1163 1199 1647 1348 1225 1080 1082 1952 1709 1401 1866 1492 1453 1019 1783 1822 1004 1105 1489 1297 1384 1877 1617 1623 1806 1169 1667 1928 1293 1659 1978 1021 1501 1634 1580 1704 1308 1430 1409 1249 1077 1886 1080 1865 1760 1448 1004 1720 1596 1495 1284 1139 1780 1517 1623 1403 1185 1445 1102 1639 1833 1601 1556 1343 1674 1327 1037 1551 1036 1006 1836 1360 1699 1287 1114 1665 1012 1785 1585 BCNSPRNW ULIB Ver.6.0+V

เปลี่ยนเป็นภาษาไทย

Change to English
 แสดงรายละเอียดบรรณานุกรม
  กลับหน้าหลัก

Brief Record : Get Marc (ISO 2709) : E-mail record : QR code < ปิดหน้าต่าง
LEADER : 00000nam 2200000uu 4500
001    13399122686
003     ULIB
008    130828s2012||||th 000 0 eng d
020    ^a9781111309367
060 04 ^aWR100^bL479s 2012
100 1  ^aLees, Mark
245 10 ^aSkin care :^bbeyond the basics /^cMark Lees
250    ^a4th ed.
260    ^aAustralia :^bCengage Learning,^cc2012
300    ^axii, 514 p. :^bcol. ill. ;^c28 cm.
505 0  ^a1. Advanced Anatomy & Physiology of the Skin. -- 2.Hygien and Sterilization Techniques.-- 3. The Immune System.-- 4.Communicable Diseases.-- 5. Hormones.--6. Skin Analysis. -- 7. Recognize and Refer Medical Conditions.-- 8. Essential Knowledge of Chemistry. -- 9. Cosmetic Chemistry and Functional Ingredients. -- 10. Performance Ingredients and Active Ingredients. -- 11. Skin Care Products. -- 12. Claims in Cosmetics. -- 13. Sensitive Skin, Allergies, and Irritants. -- 14. Rosacea. -- 15. Acne and the Esthetician. -- 16. Cosmodogenicity. -- 17. Extraction. --18. The Intrinsic Aging Process. -- 19. Sun and Sun Damage. -- 20. The New Science of Aging Skin Treatment. --21. Chemical Peeling and Exfoliation Procedures. -- 22. Plastic and Cosmetic Surgery: Treating the Patient. -- 23.Cosmetic Medicine and Medical Relations. -- 24. The Scientific Approach.
520    ^aThis all new edition of Skin Care: Beyond the Basics builds upon the strong reputation of its predecessors as an outstanding resource for the advanced esthetics student and professional. Using plain language, it explains real-world scenarios and profiles what estheticians will experience when they are practicing in the clinic environment. Detailed information on subjects such as acne,sensitive skin, cosmetic ingredients and clinical management of aging skin is included. The subject matter is presented in a direct manner which leads to proven understanding in the classroom and positive client outcomes in the student clinic. This book is a must-have resource for future and existing professional estheticians, and will remain a trusted reference tool throughout your career.
650  0 ^aSkin^xCare and hygiene
650  0 ^aSelf-care, Health
650  2 ^aSkin Care
650  2 ^aSkin
650  2 ^aCosmetic Techniques
650  2 ^aCosmetics
650  2 ^aSkin Diseases
945    ^p0^l0^i033947
999    ^aเกษร โพธิ์สุวรรณ
รายการนี้ยังไม่มีแท็ก
คุณยังไม่ได้ล็อกอิน คุณสามารถมีกิจกรรมร่วมกับเว็บไซต์ได้ แต่ต้องล็อกอินก่อน ::
  ล็อกอิน

รายการสื่อสารสนเทศ

ลำดับที่ ประเภท เลขเรียก/บาร์โค้ด สถานที่ สถานะ
1. วิทยาศาสตร์การแพทย์ และสุขภาพ
วิทยาศาสตร์การแพทย์ และสุขภาพ
WR100 L479s 2012  
  Barcode: 033947
ห้องสมุดวิทยาเขตสวรรค์ประชารักษ์
►หนังสือทั่วไป
บนชั้น

รายการใกล้เคียง
    หัวเรื่อง [Skin]
    หัวเรื่อง [Skin Diseases]

BibComment


ยังไม่เคยถูกคอมเมนท์

คอมเมนท์ทรัพยากรรายการนี้
  คอมเมนท์: Skin care beyon..


 Copyright 2026. Bcnsprnw @Library